| 000 | 00517nam a2200181 i 4500 | ||
|---|---|---|---|
| 001 | 50658 | ||
| 003 | ES-MaACL | ||
| 005 | 20250823051517.0 | ||
| 007 | t| | ||
| 008 | 030806s1976 sp ||||1| gao d | ||
| 100 | 1 |
_aCunqueiro, Álvaro, _d1911-1981 _942188 |
|
| 245 | 1 | 0 |
_aMerlin e familia i outras historias... / _cAlvaro Cunqueiro. |
| 250 | _a[3ª ed.]. | ||
| 260 |
_a[Vigo] : _bGalaxia, _c[1976] |
||
| 300 |
_a187 p. : _bil. ; _c20 cm. |
||
| 852 |
_aES-MaACL _jA-6124 _bR.94965 |
||
| 999 |
_c50658 _d50658 |
||